La exención impositiva para las entidades de beneficio público y la actividad financiera. (Registro nro. 15235)

Detalles MARC
000 -LEADER
fixed length control field 00403 a2200121 4500
001 - CONTROL NUMBER
control field ART_18431
005 - DATE AND TIME OF LATEST TRANSACTION
control field 20260410161702.0
008 - FIXED-LENGTH DATA ELEMENTS--GENERAL INFORMATION
fixed length control field 260409a
100 1# - MAIN ENTRY--PERSONAL NAME
Personal name Atchabahian, Adolfo
245 10 - TITLE STATEMENT
Title La exención impositiva para las entidades de beneficio público y la actividad financiera.
700 1# - ADDED ENTRY--PERSONAL NAME
Personal name Atchabahian, Abel A.
773 0# - HOST ITEM ENTRY
Title Revista Impuestos
Related parts - Nº 5 (may. 2012)
Record control number REV639

No hay ítems disponibles.